[Event "Lugano New op-B 8th"]
[Site "Lugano"]
[Date "2014.04.20"]
[Round "5.5"]
[White "Baedorf, Robert"]
[Black "Del Val, Josefa"]
[Result "1-0"]
[WhiteElo "1775"]
[BlackElo "1524"]
[PlyCount "94"]
[EventDate "2014.04.18"]
[EventType "swiss"]
[EventRounds "6"]
[EventCountry "SVI"]
[SourceTitle "EXT 2024"]
[Source "ChessBase"]
[SourceDate "2023.10.10"]
[SourceVersion "1"]
[SourceVersionDate "2023.10.10"]
[SourceQuality "1"]

1. e4 d6 2. Nf3 Nf6 3. Nc3 g6 4. Bc4 Bg7 5. d3 0-0 6. a3 c6 7. 0-0 Nbd7 8. h3 e5 9. Bg5 b5 10. Ba2 a5 11. Qc1 Nb6 12. Nh2 Bd7 13. f4 Be6 14. Bxe6 fxe6 15. fxe5 dxe5 16. Ng4 Nbd7 17. Nxf6+ Bxf6 18. Be3 Bg7 19. Ne2 Rxf1+ 20. Qxf1 Qf8 21. Qxf8+ Rxf8 22. Rf1 Rxf1+ 23. Kxf1 Kf7 24. Ng1 Ke7 25. Nf3 Bf6 26. Ke2 Kd6 27. Bd2 a4 28. Bg5 Bxg5 29. Nxg5 h5 30. Nf3 c5 31. c3 c4 32. Nd2 cxd3+ 33. Kxd3 Kc5 34. Nf3 Kd6 35. Nh4 Nc5+ 36. Ke3 g5 37. Nf3 g4 38. hxg4 hxg4 39. Nh2 g3 40. Nf1 Ke7 41. Nxg3 Kf6 42. Ne2 Kg5 43. Nc1 Kg4 44. Nd3 Nd7 45. Kf2 Kg5 46. Kf3 Kf6 47. Nf2 Kg5 1-0